Report of the insat task force (Record no. 498674)

000 -LEADER
fixed length control field 00307cam a22001097a 4500
008 - FIXED-LENGTH DATA ELEMENTS--GENERAL INFORMATION
fixed length control field 180718b1973 xxu||||| |||| 00| 0 eng d
082 ## - DEWEY DECIMAL CLASSIFICATION NUMBER
Classification number W7x54 In2
245 ## - TITLE STATEMENT
Title Report of the insat task force
Statement of responsibility, etc. by Planning Commission
260 ## - PUBLICATION, DISTRIBUTION, ETC.
Place of publication, distribution, etc.
Name of publisher, distributor, etc. Planning Commission
Date of publication, distribution, etc. 1973
300 ## - PHYSICAL DESCRIPTION
Extent v.p.
700 ## - ADDED ENTRY--PERSONAL NAME
Personal name Planning Commission
Holdings
Withdrawn status Lost status Damaged status Not for loan Permanent Location Current Location Date acquired Full call number Barcode Date last seen Price effective from Koha item type
        Indian Institute of Public Administration Indian Institute of Public Administration 2018-08-04 W7x54 In2 GG14710 2018-08-04 2018-08-04 GG

Powered by Koha